Dos processos especiais

Bibliographic Details
Main Author: Leitó, Helder Martins
Format: Unknown
Language:Portuguese
Published: Porto : Almeida & Leitó, 2006
Edition:3a ed.
Subjects:
Online Access:Acceso restringido

MARC

LEADER 00000ny a22000003n 4500
005 20050629103318.0
008 041014s2006 po k b 001 0 por
020 |a 9789727490585 
035 |a 1821 
040 |a DLC  |c DLC  |d vLex 
050 0 0 |a KKQ1804  |b .L45 2004 
050 0 0 |a KKQ1804  |b .L45 2004 
090 |c 936  |d 936 
100 1 |a Leitó, Helder Martins 
245 1 0 |a Dos processos especiais  |h [Recurso electrn̤ico]  |c Helder Martins Leitó. 
250 |a 3a ed. 
256 |a Servicio en ln̕ea 
260 |a Porto :  |b Almeida & Leitó,  |c 2006 
300 |a 382 p. :  |b forms ;  |c 23 cm. 
504 |a Incluye referencias bibliogrf̀icas e n̕dices 
506 1 |a Contenido solo disponible en los productos indicados  |d vLex Global  |d vLex Global (Academic Edition, excluding Law Schools)  |d vLex Global (U.S. Academic Edition, Law Schools)  |d vLex Global (U.S. Academic Edition, excluding Law Schools)  |d vLex Global (Academic Edition, Law Schools) 
650 0 4 |a Acciones y oposicin̤ 
650 0 4 |a Procedimiento civil  |z Portugal 
740 0 |a vLex Libros (Servicios en ln̕ea) 
856 4 0 |u http://vlex.com/source/1821  |z Acceso restringido 
942 |c BOOK 
999 0 |a Actions and defenses  |z Portugal  |v Forms. 
999 0 |a Actions and defenses  |z Portugal  |v Outlines, syllabi, etc. 
999 0 |a Civil procedure  |z Portugal  |v Forms. 
999 0 |a Civil procedure  |z Portugal  |v Outlines, syllabi, etc.